Marketing inovačného produktu na trhu B2C diplomová práca

Gespeichert in:
Bibliographische Detailangaben
1. Verfasser: Dovalová, Dagmara
Körperschaft: Obchodná fakulta EU. Katedra marketingu
Weitere Verfasser: Filo, Peter
Format: Buch
Sprache:Slowakisch
Veröffentlicht: Bratislava 2012
Tags: Tag hinzufügen
Keine Tags, Fügen Sie das erste Tag hinzu!

MARC

LEADER 00000nbm a2200000 4500
001 0159166
005 20161109102230.6
041 0 |a slo 
044 |a SK 
245 1 0 |a Marketing inovačného produktu na trhu B2C  |b diplomová práca  |c Dagmara Dovalová ; školiteľ: Peter Filo 
264 1 |a Bratislava  |c 2012 
300 |a 80 s. 
100 1 |a Dovalová, Dagmara 
700 1 |a Filo, Peter 
710 2 |a Obchodná fakulta EU. Katedra marketingu